| 000 | 03180cas a2200745 4500 | ||
|---|---|---|---|
| 001 | data | ||
| 005 | 20260322212109.0 | ||
| 008 | data | ||
| 010 | _a 76010504 | ||
| 016 | 7 |
_a009543637 _2Uk |
|
| 019 |
_a1231167897 _a994605158 _a1064468524 _a1230789712 _a1231167897 |
||
| 022 | 0 |
_a0036-9780 _2z |
|
| 023 | 0 |
_a0036-9780 _2z |
|
| 029 | 1 |
_aNZ1 _b3795137 |
|
| 029 | 1 |
_aAU@ _b000000896109 |
|
| 029 | 1 |
_aUKMGB _b009543637 |
|
| 035 | _a(OCoLC)1765310 | ||
| 037 | _bCatholic Biblical Assn. of Great Britain, Maryvale House, Old Oscott Hill, Birmingham, W. Midlands B44 9AG England | ||
| 040 |
_aDLC _beng _cMUL _dOCLCQ _dDLC _dNSD _dAIP _dDLC _dAIP _dDLC _dFXC _dDLC _dSYS _dOCLCQ _dLVB _dCGU _dOCLCQ _dUKMGB _dOCLCQ _dCUS _dEUM _dOCLCQ _dOCLCF _dLIP _dXFH _dOCLCQ _dOCLCO _dTEU _dOCLCL _dOCLCQ |
||
| 042 |
_ansdp _ansdp |
||
| 050 | 0 | 0 |
_aBS410 _b.S36 |
| 082 | 0 | 4 | _a220/.05 |
| 210 | 0 | _aScript. bull. | |
| 222 | 0 | _aScripture bulletin | |
| 245 | 0 | 0 | _aScripture bulletin. |
| 260 |
_a[London, _bCatholic Biblical Association of Great Britain], _c-2009. |
||
| 300 |
_av. _c24 cm. |
||
| 310 |
_aTwo no. a year, _b<winter 1974/75-> |
||
| 321 |
_aQuarterly, _b1969- |
||
| 336 |
_atext _btxt _2rdacontent |
||
| 337 |
_aunmediated _bn _2rdamedia |
||
| 338 |
_avolume _bnc _2rdacarrier |
||
| 362 | 0 | _av. 1- Jan./Mar. 1969- | |
| 362 | 1 | _aCeased with: vol. 39, no. 2 (July 2009). | |
| 550 | _aPublished by the Catholic Biblical Association of Great Britain in collaboration with the Bible Reading Fellowship and the Society for Promoting Christian Knowledge. | ||
| 630 | 0 | 0 |
_aBible _vPeriodicals. |
| 630 | 0 | 4 | _aBible. |
| 630 | 0 | 6 |
_aBible _vPériodiques. |
| 630 | 0 | 7 |
_aBible. _2fast _0(OCoLC)fst01356024 |
| 655 | 7 |
_aPeriodicals. _2fast _0(OCoLC)fst01411641 |
|
| 655 | 7 |
_aPeriodicals. _2lcgft _0https://id.loc.gov/authorities/genreForms/gf2014026139 |
|
| 710 | 2 |
_aCatholic Biblical Association (Great Britain) _1https://id.oclc.org/worldcat/entity/E39QH7JmpKTGHh8H4yWcQwYfY6 |
|
| 710 | 2 |
_aBible Reading Fellowship. _1https://id.oclc.org/worldcat/entity/E39QH7JmpRDqfw8HvjBQ4BDJPF |
|
| 710 | 2 |
_aSociety for Promoting Christian Knowledge (Great Britain) _1https://id.oclc.org/worldcat/entity/E39QQPVp7XxDHhTwM689tKxHxt |
|
| 776 | 0 | 8 |
_iOnline version: _tScripture bulletin _w(OCoLC)758706804 |
| 780 | 0 | 2 |
_tScripture _w(OCoLC)1765309 _w(OCoLC)1765309 |
| 859 | 4 | 1 |
_uhttp://cbagb.org.uk/scripture-bulletin _uhttp://cbagb.org.uk/scripture-bulletin _70 |
| 906 |
_a7 _bcbc _cserials _d3 _encip _f19 _gn-oclcserc |
||
| 925 | 0 |
_aacquire _b1 shelf copy _xpolicy default |
|
| 590 | _aSERBIB/SERLOC merged record | ||
| 592 | _aACQN: aq 94015071 | ||
| 592 | _aTwo no. a year | ||
| 592 | _aVendor update FRO | ||
| 890 |
_aScripture bulletin. (Catholic Biblical Association (Great Britain)) London. 1969- . _i76-10504 |
||
| 923 |
_apurchase _sSwets Blackwell |
||
| 991 |
_bc-GenColl _hBS410 _i.S36 _wSERIALS |
||
| 991 |
_bc-GenColl _hBS410 _i.S36 _p00012455094 _tCopy 1 _v1-2 Jan-Oct * 8888 _wCCF |
||
| 991 |
_bc-Ser _wACQUIRE |
||
| 992 |
_bGENL COLL _wACQUIRE |
||
| 992 |
_bSER _wSERLOC |
||
| 999 |
_c1615 _d1615 |
||